| 000 | 00767nac a22002051u 4500 | ||
|---|---|---|---|
| 008 | 090304t2007 ny |||||r|||| 001 0 eng d | ||
| 010 | _a 2005031908 | ||
| 020 | _a9780471479871 (cloth) | ||
| 035 | _a(OCoLC)ocm62302260 | ||
| 082 | 0 | 0 |
_a621 _bCET _222 |
| 100 |
_aCetinkunt, Sabri. _913739 |
||
| 245 | 1 | 0 |
_aMechatronics / _cSabri Cetinkunt. |
| 260 |
_aHoboken, NJ : _bJohn Wiley, _cc2007. |
||
| 300 |
_aviii, 615 p. : _bill. ; _c26 cm. |
||
| 504 | _aIncludes bibliographical references and index. | ||
| 650 | 0 |
_aMechatronics. _913740 |
|
| 856 | 4 | 1 |
_3Table of contents only _uhttp://www.loc.gov/catdir/toc/ecip063/2005031908.html |
| 856 | 4 | 1 |
_3Publisher description _uhttp://www.loc.gov/catdir/enhancements/fy0645/2005031908-d.html |
| 942 |
_cBB _k621 CET _2ddc |
||
| 999 |
_c1957 _d1957 |
||